1248 1392 1756 1371 1603 1911 1755 1320 1135 1059 1177 1292 1621 1791 1881 1404 1862 1570 1752 1292 1293 1754 1647 1241 1999 1339 1509 1245 1792 1565 1902 1803 1765 1380 1312 1871 1877 1654 1699 1304 1196 1873 1275 1835 1153 1740 1368 1819 1915 1650 1872 1833 1144 1270 1382 1540 1218 1283 1530 1560 1517 1739 1842 1019 1756 1983 1189 1376 1301 1176 1221 1261 1128 1933 1662 1342 1792 1065 1638 1389 1754 1021 1186 1276 1043 1171 1168 1704 1977 1955 1129 1817 1376 1555 1967 1407 1315 1663 1826 BCNSPRNW ULIB Ver.6.0+V

เปลี่ยนเป็นภาษาไทย

Change to English
 แสดงรายละเอียดบรรณานุกรม
  กลับหน้าหลัก

Brief Record : Get Marc (ISO 2709) : E-mail record : QR code < ปิดหน้าต่าง
LEADER : 00000nam 2200000uu 4500
001    13399108967
003     ULIB
008    110317s2545||||th 000 0 tha d
020    9747997924
060  4 WA32JT3^bศ841ค 2545
100 0  เฉลิมชาติ แจ่มจรรยา
245 00 คู่มือพระราชบัญญัติการสาธารณสุข พ.ศ.2535/^cเฉลิมชาติ แจ่มจรรยา และคณะ
250    พิมพ์ครั้งที่ 8
260    นนทบุรี:^bศูนย์บริหารกฎหมายสาธารณสุข,^c2545
300    294 หน้า
650  7 พระราชบัญญัติการสาธารณสุข
700 0  ศุมล ศรีสุขวัฒนา
700 0  สมชาย ตู้แก้ว
710 1  กรมอนามัย^bศูนย์บริหารกฎหมายสาธารณสุข
945    ^p0^l0^i016959
945    ^p0^l0^i016958
995    ทศพร
999 ^a ใช้งานได้ทุกระบบ
รายการนี้ยังไม่มีแท็ก
คุณยังไม่ได้ล็อกอิน คุณสามารถมีกิจกรรมร่วมกับเว็บไซต์ได้ แต่ต้องล็อกอินก่อน ::
  ล็อกอิน

รายการสื่อสารสนเทศ

ลำดับที่ ประเภท เลขเรียก/บาร์โค้ด สถานที่ สถานะ
- ไม่พบข้อมูล -

รายการใกล้เคียง
    ผู้แต่ง [เฉลิมชาติ แจ่มจรรยา]

    หัวเรื่อง [พระราชบัญญัติการสาธารณสุข]

BibComment


ยังไม่เคยถูกคอมเมนท์

คอมเมนท์ทรัพยากรรายการนี้
  คอมเมนท์: คู่มือพระราชบัญญั..


 Copyright 2026. Bcnsprnw @Library